<?xml version="1.0" encoding="UTF-8"?>
<record
    xmlns:xsi="http://www.w3.org/2001/XMLSchema-instance"
    xsi:schemaLocation="http://www.loc.gov/MARC21/slim http://www.loc.gov/standards/marcxml/schema/MARC21slim.xsd"
    xmlns="http://www.loc.gov/MARC21/slim">

  <leader>01299nam1a2200409 i 4500</leader>
  <controlfield tag="001">RU\NLR\bibl\1513408</controlfield>
  <controlfield tag="005">20260405201127.0</controlfield>
  <datafield tag="035" ind1=" " ind2=" ">
    <subfield code="a">(NLR Aleph) 001504794</subfield>
  </datafield>
  <datafield tag="090" ind1=" " ind2=" ">
    <subfield code="a">42914</subfield>
    <subfield code="c">42914</subfield>
  </datafield>
  <datafield tag="100" ind1=" " ind2=" ">
    <subfield code="a">20100519g20099999u  y0rusy50      ca</subfield>
  </datafield>
  <datafield tag="101" ind1="1" ind2=" ">
    <subfield code="a">rus</subfield>
    <subfield code="c">und</subfield>
  </datafield>
  <datafield tag="102" ind1=" " ind2=" ">
    <subfield code="a">RU</subfield>
  </datafield>
  <datafield tag="105" ind1=" " ind2=" ">
    <subfield code="a">||||t   |||||</subfield>
  </datafield>
  <datafield tag="200" ind1="1" ind2=" ">
    <subfield code="a">&#x41A;&#x43B;&#x435;&#x439;&#x43C;&#x43E;&#x440;</subfield>
    <subfield code="d">Claymore</subfield>
    <subfield code="e">[&#x43C;&#x430;&#x43D;&#x433;&#x430; &#x432; &#x43E;&#x440;&#x438;&#x433;&#x438;&#x43D;&#x430;&#x43B;&#x44C;&#x43D;&#x43E;&#x43C; &#x444;&#x43E;&#x440;&#x43C;&#x430;&#x442;&#x435;]</subfield>
    <subfield code="f">&#x41D;&#x43E;&#x440;&#x438;&#x445;&#x438;&#x440;&#x43E; &#x42F;&#x433;&#x438; [&#x442;&#x435;&#x43A;&#x441;&#x442; &#x438; &#x440;&#x438;&#x441;.</subfield>
    <subfield code="g">&#x43F;&#x435;&#x440;.: &#x410;&#x43D;&#x43D;&#x430; &#x421;&#x438;&#x43D;&#x438;&#x446;&#x43A;&#x430;&#x44F;]</subfield>
    <subfield code="z">eng</subfield>
  </datafield>
  <datafield tag="210" ind1=" " ind2=" ">
    <subfield code="a">&#x41C;&#x43E;&#x441;&#x43A;&#x432;&#x430;</subfield>
    <subfield code="c">&#x42D;&#x43A;&#x441;&#x43C;&#x43E;</subfield>
    <subfield code="a">&#x421;&#x430;&#x43D;&#x43A;&#x442;-&#x41F;&#x435;&#x442;&#x435;&#x440;&#x431;&#x443;&#x440;&#x433;</subfield>
    <subfield code="c">ComixART</subfield>
    <subfield code="d">2009</subfield>
  </datafield>
  <datafield tag="215" ind1=" " ind2=" ">
    <subfield code="d">19</subfield>
  </datafield>
  <datafield tag="463" ind1=" " ind2="0">
    <subfield code="1">0011482891</subfield>
  </datafield>
  <datafield tag="463" ind1=" " ind2="0">
    <subfield code="1">0011494831</subfield>
  </datafield>
  <datafield tag="463" ind1=" " ind2="0">
    <subfield code="1">0011676863</subfield>
  </datafield>
  <datafield tag="463" ind1=" " ind2="0">
    <subfield code="1">0011680725</subfield>
  </datafield>
  <datafield tag="463" ind1=" " ind2="0">
    <subfield code="1">0011705039</subfield>
  </datafield>
  <datafield tag="463" ind1=" " ind2="0">
    <subfield code="1">0011721532</subfield>
  </datafield>
  <datafield tag="463" ind1=" " ind2="0">
    <subfield code="1">0011739864</subfield>
  </datafield>
  <datafield tag="463" ind1=" " ind2="0">
    <subfield code="1">0011777712</subfield>
  </datafield>
  <datafield tag="463" ind1=" " ind2="0">
    <subfield code="1">0011858027</subfield>
  </datafield>
  <datafield tag="463" ind1=" " ind2="0">
    <subfield code="1">0011881274</subfield>
  </datafield>
  <datafield tag="463" ind1=" " ind2="0">
    <subfield code="1">0011951223</subfield>
  </datafield>
  <datafield tag="463" ind1=" " ind2="0">
    <subfield code="1">0011961366</subfield>
  </datafield>
  <datafield tag="510" ind1="0" ind2=" ">
    <subfield code="a">Claymore</subfield>
    <subfield code="z">eng</subfield>
  </datafield>
  <datafield tag="702" ind1=" " ind2="1">
    <subfield code="4">570</subfield>
    <subfield code="8">rus</subfield>
    <subfield code="7">ca</subfield>
    <subfield code="a">&#x42F;&#x433;&#x438;</subfield>
    <subfield code="b">&#x41D;.</subfield>
    <subfield code="f">1968-</subfield>
    <subfield code="g">&#x41D;&#x43E;&#x440;&#x438;&#x445;&#x438;&#x440;&#x43E;</subfield>
    <subfield code="3">RU\NLR\auth\7788700</subfield>
    <subfield code="9">71628</subfield>
  </datafield>
  <datafield tag="702" ind1=" " ind2="1">
    <subfield code="4">040</subfield>
    <subfield code="8">rus</subfield>
    <subfield code="7">ca</subfield>
    <subfield code="a">&#x42F;&#x433;&#x438;</subfield>
    <subfield code="b">&#x41D;.</subfield>
    <subfield code="f">1968-</subfield>
    <subfield code="g">&#x41D;&#x43E;&#x440;&#x438;&#x445;&#x438;&#x440;&#x43E;</subfield>
    <subfield code="3">RU\NLR\auth\7788700</subfield>
    <subfield code="9">71628</subfield>
  </datafield>
  <datafield tag="801" ind1=" " ind2="0">
    <subfield code="a">RU</subfield>
    <subfield code="b">NLR</subfield>
    <subfield code="c">20100519</subfield>
    <subfield code="g">RCR</subfield>
  </datafield>
  <datafield tag="801" ind1=" " ind2="1">
    <subfield code="a">RU</subfield>
    <subfield code="b">NLR</subfield>
    <subfield code="c">20100519</subfield>
  </datafield>
  <datafield tag="852" ind1=" " ind2=" ">
    <subfield code="a">NLR</subfield>
    <subfield code="j">2010-3/6599</subfield>
  </datafield>
  <datafield tag="942" ind1=" " ind2=" ">
    <subfield code="c">BOOK</subfield>
  </datafield>
</record>
